| 000 | 00000nam##2200000za#4500 |
| 001 | 9.686074 |
| 003 | CaOODSP |
| 005 | 20210624230355 |
| 007 | cr ||||||||||| |
| 008 | 150407|1997||||xxc|||||o f|0| 0 eng|d |
| 020 | |a0-662-30336-9 |
| 040 | |aCaOODSP|beng |
| 043 | |an-cn--- |
| 086 | 1 |aE2-302/1997E-IN |
| 110 | 1 |aCanada.|bForeign Affairs and International Trade. |bCanadian Centre for Foreign Policy Development. |
| 245 | 10|aNew Challenges in International Humanitarian Law : |h[electronic resource]|bconference report, June 4, 1997 (Ottawa) / |cCanadian Red Cross International Services. |
| 260 | |aOttawa - Ontario : |bForeign Affairs and International Trade. |c[1997]. |
| 300 | |a6p. |
| 590 | |a10-07-Supp|b2010-09-08 |
| 776 | 0#|tNew Challenges in International Humanitarian Law : |w(CaOODSP)9.648137 |
| 856 | 40|ahttp://publications.gc.ca|qPDF|s326 KB|uhttps://publications.gc.ca/collections/Collection/E2-302-1997E.pdf |
| 986 | |a3001.2E |